| 000 | 00430nam a22001337a 4500 | ||
|---|---|---|---|
| 999 |
_c130020 _d130020 |
||
| 008 | 191113b ||||| |||| 00| 0 eng d | ||
| 020 | _a0-00-4343378-6 | ||
| 050 | _aREF PN6081.S728 | ||
| 245 |
_aCollins dictionary of literary qoutations _c/ compiled by Meic Stephens |
||
| 260 |
_aGlasgow: _bHapper Collins Publishers, _c1991. |
||
| 300 |
_a175p. ; _c24cm. |
||
| 700 |
_a Stephens, Meic _ecomp. _948647 |
||
| 942 |
_2lcc _cREFERENCE |
||